000 00434cam a2200181 4500
001 D12069
008 090401t1930 xxu||||| |||| 00| 0 eng d
035 _a(Sirsi) u1056
041 _aeng
100 _aBamber, P Gordon
245 _aManual of modern mining law and practice
260 _aLondon
_bSweet & Maxwell
_c1930
350 _a0
520 _aShelf 176
700 _aHunt, J.J Clare
942 _n0
948 _c04/03/1997
999 _c85619
_d85619